Online
Catalog

La estrategia de los cuartos círculos : (Record no. 4304)

MARC details
000 -CABECERA
campo de control de longitud fija 00997nam a2200253 a 4500
001 - NÚMERO DE CONTROL
campo de control 000004495
005 - FECHA Y HORA DE LA ÚLTIMA TRANSACCIÓN
campo de control 20200929151441.0
008 - DATOS DE LONGITUD FIJA--INFORMACIÓN GENERAL
campo de control de longitud fija 090723s2006 ck a 001 0 spa d
020 ## - NÚMERO INTERNACIONAL ESTÁNDAR DEL LIBRO
Número Internacional Estándar del Libro 9580496609
040 ## - FUENTE DE LA CATALOGACIÓN
Centro catalogador/agencia de origen DO-SdBNP
Lengua de catalogación spa
Centro/agencia transcriptor BNPHU
082 ## - NÚMERO DE LA CLASIFICACIÓN DECIMAL DEWEY
Número de clasificación 658.4012
Número de documento/Ítem M294e
100 1# - ENTRADA PRINCIPAL--NOMBRE DE PERSONA
Nombre de persona Manucci, Marcelo
9 (RLIN) 13143
245 13 - MENCIÓN DE TÍTULO
Título La estrategia de los cuartos círculos :
Resto del título diseñar el futuro en la incertidumbre del presente /
Mención de responsabilidad, etc. Marcelo Manucci ; prólogo Roberto Serra.
260 ## - PUBLICACIÓN, DISTRIBUCIÓN, ETC.
Lugar de publicación, distribución, etc. Bogotá, Colombia :
Nombre del editor, distribuidor, etc. Norma,
Fecha de publicación, distribución, etc. 2006.
Lugar de fabricación/manufactura República Dominicana
Fabricante Búho
300 ## - DESCRIPCIÓN FÍSICA
Extensión 233 p.
-- il. ;
Dimensiones 21 cm.
500 ## - NOTA GENERAL
Nota general Incluye referencias bibliográficas y notas al pie de las páginas.
504 ## - NOTA DE BIBLIOGRAFÍA, ETC.
Nota de bibliografía, etc. Bibliografía: p. 229-233.
590 ## - NOTA LOCAL (RLIN)
Nota local Inventariado, 2018/ YL
650 #4 - PUNTO DE ACCESO ADICIONAL DE MATERIA--TÉRMINO DE MATERIA
Término de materia o nombre geográfico como elemento de entrada Planificación estrategíca
9 (RLIN) 2433
650 #4 - PUNTO DE ACCESO ADICIONAL DE MATERIA--TÉRMINO DE MATERIA
Término de materia o nombre geográfico como elemento de entrada Incertidumbre (teoría de la información)
9 (RLIN) 13144
650 #4 - PUNTO DE ACCESO ADICIONAL DE MATERIA--TÉRMINO DE MATERIA
Término de materia o nombre geográfico como elemento de entrada Comunicación organizacional
9 (RLIN) 13145
700 1# - PUNTO DE ACCESO ADICIONAL--NOMBRE DE PERSONA
Nombre de persona Serra, Roberto,
Término indicativo de función/relación pról.
9 (RLIN) 13146
910 ## - DATOS DE OPCIÓN DEL USUARIO (OCLC)
Datos de opción del usuario Validado. Control de calidad EMS
Holdings
Estado de retiro Estado de pérdida Restricciones de uso No para préstamo Código de colección Localización permanente Ubicación/localización actual Ubicación en estantería Fecha de adquisición Número de inventario Total de préstamos Signatura topográfica completa Código de barras Fecha visto por última vez Número de copia Precio válido a partir de Tipo de ítem Koha
  Extraviado     Monografías: Libros y Folletos General General Extraviado 03.09.2013 LF1   658.4012 M294e 4495-50 25.06.2020 e.5 25.06.2020 Préstamo en sala
        Monografías: Libros y Folletos General General Depósito 23.07.2009 LF1   658.4012 M294e 4495-30 25.06.2020 e.3 25.06.2020 Préstamo en sala
        Monografías: Libros y Folletos General General Depósito 10.06.2013 LF1   658.4012 M294e 4495-40 25.06.2020 e.4 25.06.2020 Préstamo en sala
      Excluido de préstamo Monografías: Libros y Folletos Patrimonio Dominicano Patrimonio Dominicano Depósito 23.07.2009 LF1   658.4012 M294e 4495-10 25.06.2020   25.06.2020 No se presta
      Excluido de préstamo Monografías: Libros y Folletos Patrimonio Dominicano Patrimonio Dominicano Depósito 23.07.2009 LF1   658.4012 M294e 4495-20 25.06.2020 e.2 25.06.2020 No se presta

Powered by Koha